| Tag |
First Indicator |
Second Indicator |
Subfields |
| LEADER |
00000cam a2200000 a 4500 |
| 001 |
in00000034193 |
| 005 |
20151007055231.0 |
| 008 |
870715s1985 stk d 00010 eng |
| 010 |
|
|
|a 87155971
|
| 020 |
|
|
|a 0521600057 (pbk.)
|
| 020 |
|
|
|a 0550190112
|
| 035 |
|
|
|a (OCoLC)16978865
|
| 035 |
|
|
|9 AAB7646AM
|
| 040 |
|
|
|a DLC
|c DLC
|d TXA
|d UtOrBLW
|
| 049 |
|
|
|a TXAM
|c [A11497403]
|
| 050 |
0 |
0 |
|a GV1507.A5
|b P48 1986
|
| 082 |
0 |
|
|a 793.73
|2 19
|
| 100 |
1 |
|
|a Pewters, Chaz R.
|
| 245 |
1 |
0 |
|a Chambers anagrams for crosswords, Scrabble, and all other word games :
|b from Chambers 20th century dictionary /
|c compiled by Chas R. Pewters, Zac Wherpster, and Esther C. Zwarp.
|
| 264 |
|
1 |
|a Edinburgh :
|b W & R Chambers,
|c [1985]
|
| 264 |
|
3 |
|c 1986 printing
|
| 264 |
|
4 |
|c ©1985
|
| 300 |
|
|
|a 678 pages ;
|c 20 cm.
|
| 336 |
|
|
|a text
|b txt
|2 rdacontent
|
| 337 |
|
|
|a unmediated
|b n
|2 rdamedia
|
| 338 |
|
|
|a volume
|b nc
|2 rdacarrier
|
| 650 |
|
0 |
|a Anagrams
|v Glossaries, vocabularies, etc.
|
| 700 |
1 |
|
|a Wherpster, Zac.
|
| 700 |
1 |
|
|a Zwarp, Esther C.
|
| 730 |
0 |
|
|a Chambers twentieth century dictionary.
|
| 999 |
|
|
|a MARS
|
| 999 |
f |
f |
|s 2698dc4c-8bd9-3e65-b76d-8090080a9c78
|i 9f37f28c-0a6c-33c2-b4fe-f94f26285b8f
|t 0
|
| 952 |
f |
f |
|p ric
|a Texas A&M University
|b Rellis Campus
|c Joint Library Facility
|d Remote Storage
|t 0
|e GV1507.A5 P48 1986
|h Library of Congress classification
|i unmediated -- volume
|m A14811497403
|
| 998 |
f |
f |
|a GV1507.A5 P48 1986
|t 0
|l Remote Storage
|